00367nam a2200121Ia 4500008004100000100001900041245001600060245002000076260000900096856004800105999001900153952007300172160531s9999 xx 000 0 und d aPestana, Mark. aMetaphysics cby Mark Pestana c2012 uhttp://www.intechopen.com/books/metaphysics c295162d295162 001040aCLbCLd2016-05-31l0r2016-05-31 00:00:00w2016-05-31yCBE